000 00829nam a22002657a 4500
001 BR7401390
003 BR-BrBNA
005 20230928084555.0
007 ta
008 230509b bl.||||| |||| 00| 0 por d
040 _aBR-BrBNA
_bpor
_cBiblioteca Nacional de Agricultura
041 _a(Por)
072 _aF00
_b0180
_b/G514
090 _ 0180 BR7401390
100 1 _aCidade, L.B.
110 1 _aMinisterio da Agricultura, Industria e Commercio, Rio de Janeiro, GB (Brasil)
245 1 _aEstatistica da producao do trigo no Rio Grande do sul desde 1908 a 1914
260 3 _aPorto Alegre, RS (Brasil):
_bInspectoria dos trigaes do 1 Distrito,
_c1914.
300 _a27 p.
650 _aTRIGO
650 _aESTATISTICA DE PRODUCAO
650 _aRIO GRANDE DO SUL
909 _a202309
_bLucia
_c55
_dLucia Elande
942 _cBK
999 _c19851
_d19851